000 00396nam a22001337a 4500
999 _c535213
_d535213
020 _a978-1486301898
040 _cMSOHAIL
082 _a338.927
_bGOL
100 _aJenny Goldie ; Katharine Betts
_929660
245 _aSustainable Futures: Linking Population, Resources and the Environment
260 _a CSIRO Publishing
_cc2015
300 _a224;pxv
_c6.6 x 0.6 x 9.5 inches
942 _2ddc
_cBK